| 000 | 00997nam a2200229 a 4500 | ||
|---|---|---|---|
| 001 | 22198 | ||
| 003 | CO-ViMGA | ||
| 008 | 141112s2004 ck r 000 u spa d | ||
| 020 | _a8471122162 | ||
| 040 |
_aCO-ViMGA _bspa _cCO-ViMGA |
||
| 082 | 0 | 4 | _a372.215 D327j |
| 100 | 1 |
_aDecroly, O.; Monchamp, E. _931626 |
|
| 245 | 1 | 0 |
_aEl juego educativo : _biniciación a la actividad intelectual y motriz |
| 250 | _a4 | ||
| 260 |
_aMadrid : _bMorata, _c2002 |
||
| 300 | _a182p | ||
| 505 | _aAlgunas nociones generales sobre juego 25 - - Juegos relacionados con el desarrollo de las percepciones senciorales y de la aptitud motriz 37 - - Juegos de ideas generales o de asociaciones inductivas y deductivas 83 - - Juegos didácticos 95 - - La tradición decrolyana 135 | ||
| 590 | _aForma de adquisición : Compra - - Precio : 60.000 - - Proveedor : Bernalibros - - Fecha de adquisición : Octubre 2007 | ||
| 650 | 1 | 4 |
_aJUEGOS EDUCATIVOS _918447 |
| 650 | 1 | 4 |
_aJUEGOS INFANTILES _910241 |
| 942 |
_2ddc _cBK |
||
| 999 |
_c30624 _d30624 |
||